[Event "Tarragona-ch Seniors"]
[Site "Cambrils"]
[Date "2015.02.19"]
[Round "4.11"]
[White "Esteve Lopez, Josep M"]
[Black "Llorach Gracia, Tomas"]
[Result "1-0"]
[WhiteElo "2011"]
[BlackElo "1712"]
[PlyCount "80"]
[EventDate "2015.01.29"]
[EventType "swiss"]
[EventRounds "8"]
[EventCountry "ESP"]
[SourceTitle "EXT 2024"]
[Source "ChessBase"]
[SourceDate "2023.10.10"]
[SourceVersion "1"]
[SourceVersionDate "2023.10.10"]
[SourceQuality "1"]

1. d4 d5 2. Nf3 Nf6 3. Bf4 Bg4 4. Nbd2 e6 5. c4 c6 6. a3 Be7 7. e3 Bxf3 8. Nxf3 Nbd7 9. Bd3 h6 10. 0-0 a6 11. c5 b6 12. cxb6 Nxb6 13. Ne5 Rc8 14. Bxa6 Ra8 15. Nxc6 Qd7 16. Ne5 Qa4 17. Qxa4+ Nxa4 18. Bb5+ Kf8 19. Bxa4 Rxa4 20. Rac1 Ra8 21. Rc7 g5 22. Bg3 Re8 23. Rfc1 Ne4 24. Rc8 Rxc8 25. Rxc8+ Kg7 26. Rxh8 Kxh8 27. Nxf7+ Kg7 28. Ne5 Bd6 29. Nd3 Be7 30. Be5+ Kg6 31. b4 Nc3 32. Kf1 Na4 33. Ke1 Kf5 34. Kd2 g4 35. Nc5 Nb6 36. a4 Nc4+ 37. Kc3 Nxe5 38. dxe5 Kxe5 39. a5 Bd8 40. a6 Bc7 1-0

[Event "Tarragona-ch"]
[Site "Tarragona"]
[Date "2003.??.??"]
[Round "4"]
[White "Fernandez Fuentes, Francisco Javier"]
[Black "Esteve Lopez, Josep M"]
[Result "1-0"]
[WhiteElo "2255"]
[BlackElo "2035"]
[PlyCount "93"]
[EventDate "2003.??.??"]
[EventType "swiss"]
[EventRounds "9"]
[EventCountry "ESP"]
[SourceTitle "EXT 2007"]
[Source "ChessBase"]
[SourceDate "2006.11.23"]
[SourceVersion "1"]
[SourceVersionDate "2006.11.23"]
[SourceQuality "1"]

1. e4 c5 2. Nf3 Nc6 3. Bb5 a6 4. Bxc6 bxc6 5. 0-0 d6 6. b3 e5 7. h3 Nf6 8. Re1 Be7 9. c3 0-0 10. d4 cxd4 11. cxd4 Qc7 12. dxe5 dxe5 13. Bb2 Nd7 14. Qc2 f6 15. Nc3 Qa5 16. Na4 Qb5 17. Rac1 Bb7 18. Nd2 Rac8 19. Nc4 c5 20. Nc3 Qc6 21. Na5 Qc7 22. Nxb7 Qxb7 23. Nd5 Nb6 24. Nxe7+ Qxe7 25. Ba3 Nd7 26. Red1 Rc6 27. Qc4+ Kh8 28. Qd5 Rc7 29. Qd6 Qxd6 30. Rxd6 Rfc8 31. Rxa6 Kg8 32. f3 Kf7 33. Rc4 Nf8 34. Bc1 Ne6 35. Be3 Nd4 36. Kf2 g5 37. Bxd4 exd4 38. Ke2 h5 39. Kd3 Ke7 40. Rc2 Rb8 41. g3 Rbb7 42. f4 Rb8 43. fxg5 fxg5 44. Rh6 Rf8 45. Rh7+ Kd6 46. e5+ Kc6 47. Rxc7+ 1-0